000 00280nam a22001217a 4500
008 170531b xxu||||| |||| 00| 0 eng d
041 _aeng
080 _a94
100 _a17
101 _aSHH
245 _aTHE MAGNIFICENT CENTRY THE ENGLAND
_cCOSTAIN.TH.B
942 _2udc
_cBK
999 _c15139
_d15139